| 000 | 01494nam a22003490a 4500 | ||
|---|---|---|---|
| 001 | PT21150 | ||
| 003 | AR-LpoUNG | ||
| 005 | 20241219140945.0 | ||
| 008 | 191001s2005||||ag |||||||||||||||||spa d | ||
| 020 |
_a9875580457 _c$7,5 |
||
| 040 |
_aAR-LpoUNG _bspa _cAR-LpoUNG _eaacr |
||
| 041 | 0 | _aspa | |
| 044 | _aag | ||
| 082 | 0 | _a982.065 13cru | |
| 100 | 1 | _aObregón, Martín | |
| 245 | 1 | 0 |
_aEntre la cruz y la espada : _bla iglesia católica durante los primeros años del "Proceso" |
| 250 | _a1ra. ed. | ||
| 260 |
_aBuenos Aires : _bUniversidad Nacional de Quilmes, _c2005. |
||
| 300 |
_a190 p. : _bfot. |
||
| 520 | _a<p>Propone una interpretación histórica de las relaciones que se establecieron entre la jerarquía de la Iglesia católica y el gobierno de las Fuerzas Armadas durante los primeros años del "Proceso", articulando un conjunto de cuestiones inherentes al catolicismo y a su iglesia con aquellas vinculadas con la dinámica política y social durante el período en cuestión.</p> | ||
| 590 |
_bEjemplar 00066322, p. 144- 145, _acontiene : volante del CEHCe (Centro de Estudiantes de la Facultad de Humanidades y Ciencias de la Educación de la UNLP), que convoca, con fecha y lugar, a una Asamblea. |
||
| 650 | 4 | _aANALISIS HISTORICO | |
| 650 | 4 | _aARGENTINA | |
| 650 | 4 | _aDICTADURA | |
| 650 | 4 | _aESTADO | |
| 650 | 4 | _aFUERZAS ARMADAS | |
| 650 | 4 | _aHISTORIA SOCIAL | |
| 650 | 4 | _aIGLESIA | |
| 650 | 4 | _aRELIGION | |
| 905 | _a21150 | ||
| 942 |
_cLIB _2ddc |
||
| 999 |
_c18420 _d18420 |
||